Способ соединения концов обмотки якоря электрической машины с пластинами графитового коллектора

Dettagli Bibliografici
Enti autori: Томский политехнический институт (ТПИ), Томский государственный университет (ТГУ) Сибирский физико-технический институт им. В. Д. Кузнецова (СФТИ)
Altri autori: Бекишев Р. Ф. Рудольф Фридрихович, Качин С. И. Сергей Ильич, Константинов Г. Г. Геннадий Григорьевич, Кашин О. А. Олег Александрович, Овчаренко В. Е. Владимир Ефимович, Степанов Г. И. Геннадий Иванович
Riassunto:опубл. 15.06.82
Изобретение относится к электромашиностроению и может найти применение при соединении концов обмоток якорей электрических машин с пластинами графитовых коллекторов. Способ соединения концов обмотки якоря электрической машины с пластинами графитового коллектора, включающий металлизацию петушков коллектора путем окунания петушков в расплав олова с титаном при температуре 973 - 1073 градусов К и выдержке при этой температуре в расплаве в течение 20 - 30 с и припайку концов обмотки к металлизированной поверхности петушков, отличающийся тем, что, с целью повышения качества изготавливаемых иэделий, за счет обеспечения прочного соединения металла с графитом, металлизацию проводят в среде инертного газа при избыточном давлении его (1,5 - 2) 10{5} Па.
Lingua:russo
Pubblicazione:
Soggetti:
Accesso online:http://www1.fips.ru/fips_servl/fips_servlet?DB=RUPAT&rn=264&DocNumber=936133&TypeFile=html
Natura: MixedMaterials Elettronico Libro
KOHA link:https://koha.lib.tpu.ru/cgi-bin/koha/opac-detail.pl?biblionumber=637614

MARC

LEADER 00000nlm0a2200000 4500
001 637614
005 20231102024927.0
029 1 0 |a RU  |b 936133  |c А. с.  |d МПК H01 R 43/06 
035 |a (RuTPU)RU\TPU\network\1766 
035 |a RU\TPU\network\1764 
039 0 |a RU  |b 3006502  |c 19801124 
090 |a 637614 
100 |a 20141001j19820615k y0rusy50 ca 
101 0 |a rus 
102 |a RU 
105 |a a k 000zy 
135 |a drcn ---uucaa 
181 0 |a i  
182 0 |a b 
200 1 |a Способ соединения концов обмотки якоря электрической машины с пластинами графитового коллектора  |f Р. Ф. Бекишев [и др.]  |g Томский политехнический институт (ТПИ) ; Томский государственный университет (ТГУ), Сибирский физико-технический институт им. В. Д. Кузнецова (СФТИ) 
203 |a Текст  |c электронный 
300 |a опубл. 15.06.82 
330 |a Изобретение относится к электромашиностроению и может найти применение при соединении концов обмоток якорей электрических машин с пластинами графитовых коллекторов. Способ соединения концов обмотки якоря электрической машины с пластинами графитового коллектора, включающий металлизацию петушков коллектора путем окунания петушков в расплав олова с титаном при температуре 973 - 1073 градусов К и выдержке при этой температуре в расплаве в течение 20 - 30 с и припайку концов обмотки к металлизированной поверхности петушков, отличающийся тем, что, с целью повышения качества изготавливаемых иэделий, за счет обеспечения прочного соединения металла с графитом, металлизацию проводят в среде инертного газа при избыточном давлении его (1,5 - 2) 10{5} Па. 
610 1 |a патенты 
610 1 |a труды учёных ТПУ 
610 1 |a электронный ресурс 
610 1 |a электрические машины 
610 1 |a якорные обмотки 
610 1 |a графитовые материалы 
610 1 |a коллекторные электрические машины 
610 1 |a коллекторы 
701 1 |a Бекишев  |b Р. Ф.  |c специалист в области электротехники  |c профессор Томского политехнического университета, доктор технических наук  |f 1940-2010  |g Рудольф Фридрихович  |2 stltpush  |3 (RuTPU)RU\TPU\pers\19768 
701 1 |a Качин  |b С. И.  |c специалист в области электротехники  |c профессор Томского политехнического университета, доктор технических наук  |f 1954-  |g Сергей Ильич  |2 stltpush  |3 (RuTPU)RU\TPU\pers\26829 
701 1 |a Константинов  |b Г. Г.  |g Геннадий Григорьевич 
701 1 |a Кашин  |b О. А.  |g Олег Александрович 
701 1 |a Овчаренко  |b В. Е.  |c специалист в области машиностроения  |c профессор-консультант Юргинского технологического института (филиала) Томского политехнического университета, доктор технических наук  |f 1945-  |g Владимир Ефимович  |2 stltpush  |3 (RuTPU)RU\TPU\pers\28211  |9 13165 
701 1 |a Степанов  |b Г. И.  |g Геннадий Иванович 
712 0 2 |a Томский политехнический институт (ТПИ)  |c (1944-1991)  |2 stltpush  |3 (RuTPU)RU\TPU\col\1123 
712 0 2 |a Томский государственный университет (ТГУ)  |b Сибирский физико-технический институт им. В. Д. Кузнецова (СФТИ)  |2 stltpush  |3 (RuTPU)RU\TPU\col\861 
801 1 |a RU  |b 63413507  |c 20120201 
801 2 |a RU  |b 63413507  |c 20160608  |g RCR 
856 4 |u http://www1.fips.ru/fips_servl/fips_servlet?DB=RUPAT&rn=264&DocNumber=936133&TypeFile=html 
942 |c CF